|
|
|
|
| LEADER |
00000nam a22000007a 4500 |
| 005 |
20220427223228.0 |
| 007 |
cr|||| |||| |
| 008 |
220427s2021 br |||||s|||| 00||0 por d |
| 020 |
|
|
|a 978-65-5515-252-4
|
| 035 |
|
|
|a 36233
|
| 040 |
|
|
|a vLex
|
| 090 |
|
|
|c 13244
|d 13244
|
| 100 |
1 |
|
|a De Freitas Valle Dresch, Rafael
|
| 245 |
1 |
0 |
|a Lei geral de proteȯ̂ de dados
|h [Recurso electrn̤ico] /
|c Rafael De Freitas Valle Dresch, Fabiano Menke
|
| 256 |
|
|
|a Servicio en ln̕ea
|
| 260 |
|
|
|a Indaiatuba:
|b Editora Foco,
|c 2021
|
| 300 |
|
|
|a 1 recurso electrn̤ico
|
| 506 |
1 |
|
|a Disponible solo en los productos indicados
|d vLex Global
|d vLex Global (Academic Edition, excluding Law Schools)
|d vLex Global (U.S. Academic Edition, Law Schools)
|d vLex Global (U.S. Academic Edition, excluding Law Schools)
|d vLex Global (Academic Edition, Law Schools)
|
| 650 |
0 |
4 |
|a Derecho de las Nuevas Tecnologa̕s
|z Brasil
|
| 650 |
0 |
4 |
|a Proteccin̤ de datos
|z Brasil
|
| 700 |
1 |
|
|a Menke, Fabiano
|
| 740 |
0 |
|
|a vLex Libros (Servicio en ln̕ea)
|
| 856 |
4 |
0 |
|u https://app.vlex.com/#/sources/36233
|z Acceso restringido
|
| 942 |
|
|
|c BOOK
|
| 999 |
0 |
|
|a Law of New Technologies
|
| 999 |
0 |
|
|a Data protection
|